000 00826nam a2200265Ia 4500
003 OSt
005 20221006153721.0
006 a|||||r|||| 00| 0
007 ta
008 221006b |||||||| |||| 00| 0 eng d
020 _a0262032856
024 _a33,128
037 _bGift, Japan Foundation
_cAnnuals, Advances
040 _aEASL
_cEASL
_beng
041 _2eng
_aeng
082 _aX62:56.42, P0
100 _aCargill Thomas F. Au.
_9665098
245 0 _aFinancial Policy and Central Banking in Japan
260 _aCambridge
_bMIT press
_c2000
300 _aviii,196p.
_ccm.
490 _v JEL
700 _a Hutchison Michael M. Au.
_9665099
942 _hX62:56.42, P0
_cREF
_2CC
999 _c1101214
_d1101214